<?xml version="1.0" encoding="UTF-8"?>
<collection xmlns="http://www.loc.gov/MARC21/slim">
 <record>
  <leader>05081ntm a22005657i 4500</leader>
  <controlfield tag="001">000719762</controlfield>
  <controlfield tag="003">CZ-PrVSE</controlfield>
  <controlfield tag="005">20250202134735.0</controlfield>
  <controlfield tag="006">m        d</controlfield>
  <controlfield tag="007">cr n||||||||||</controlfield>
  <controlfield tag="008">250202s2024    xr     fsbm   000 0 cze d</controlfield>
  <datafield tag="STA" ind1=" " ind2=" ">
   <subfield code="a">NEZPRACOVANÝ IMPORT</subfield>
  </datafield>
  <datafield tag="040" ind1=" " ind2=" ">
   <subfield code="a">ABA006</subfield>
   <subfield code="b">cze</subfield>
   <subfield code="c">ABA006</subfield>
   <subfield code="d">ABA006</subfield>
   <subfield code="e">rda</subfield>
  </datafield>
  <datafield tag="100" ind1="1" ind2=" ">
   <subfield code="a">Valenta, Jakub</subfield>
   <subfield code="%">ISIS:161872</subfield>
   <subfield code="4">dis</subfield>
  </datafield>
  <datafield tag="242" ind1="1" ind2="4">
   <subfield code="a">The Influence of the Number of Order Police Officers on the Development of Property Crime in Selected Regions of the Czech Republic, Germany, Austria, and Slovakia in the Years 2015–2024</subfield>
   <subfield code="y">eng</subfield>
  </datafield>
  <datafield tag="245" ind1="1" ind2="0">
   <subfield code="a">Vliv počtu pořádkových policistů na vývoj majetkové kriminality v letech 2015-2024 ve vybraných regionech ČR, Německa, Rakouska a Slovenska, /</subfield>
   <subfield code="c">Jakub Valenta</subfield>
  </datafield>
  <datafield tag="264" ind1=" " ind2="0">
   <subfield code="c">2024</subfield>
  </datafield>
  <datafield tag="300" ind1=" " ind2=" ">
   <subfield code="a">?? stran :</subfield>
   <subfield code="3">digital, PDF soubor</subfield>
  </datafield>
  <datafield tag="500" ind1=" " ind2=" ">
   <subfield code="a">Vedoucí práce: Pavel Řežábek</subfield>
  </datafield>
  <datafield tag="502" ind1=" " ind2=" ">
   <subfield code="a">Bakalářská práce (Bc.)—Vysoká škola ekonomická v Praze. Národohospodářská fakulta, 2025</subfield>
  </datafield>
  <datafield tag="504" ind1=" " ind2=" ">
   <subfield code="a">Obsahuje bibliografii</subfield>
  </datafield>
  <datafield tag="516" ind1=" " ind2=" ">
   <subfield code="a">Textový (vysokoškolská kvalifikační práce)</subfield>
  </datafield>
  <datafield tag="518" ind1=" " ind2=" ">
   <subfield code="a">Rok obhajoby 2025</subfield>
  </datafield>
  <datafield tag="520" ind1="3" ind2=" ">
   <subfield code="a">Téma této práce se zaměřuje na analýzu vývoje počtu pořádkových policistů v regionech České republiky v období 2015–2024 a jeho vztah k vývoji majetkové kriminality, ale také na vývoj policistů a majetkové kriminality v zahraničí. Význam tohoto tématu spočívá v tom, že policie má klíčovou roli při ochraně demokracie, veřejného pořádku a zajištění bezpečnosti, přičemž její efektivita může být ovlivněna i početním stavem. Hlavní problém, který práce řeší, je otázka, zda a jak změny v počtu pořádkových policistů v tomto období korelují s vývojem majetkové kriminality, a zda existuje přímá souvislost mezi těmito faktory, která by mohla vést k lepšímu vysvětlení efektivity policie v prevenci těchto trestných činů. K dosažení výsledku je použita komparace mezi regiony v České republice a zahraničními regiony, jako jsou Trnavský kraj na Slovensku, Sachsen v Německu a Niederösterreich v Rakousku, umožňuje identifikovat rozdíly a podobnosti v přístupu k veřejné bezpečnosti. Tento přístup poskytuje širší základ pro analýzu účinnosti policejních složek na vývoje kriminality. V teoretické části této práce byla použita popisná metoda, která slouží k detailnímu vymezení a vysvětlení základních pojmů, teorií a konceptů, jež se vztahují k vývoji majetkové kriminality, vývoji počtu policistů, škody způsobené majetkovou kriminalitou, vývoji počtu pořádkových policistů a dalším indikátorům spojených s výzkumem zadaného tématu. Popisná metoda je vhodná pro teoretickou analýzu, protože umožňuje systematické shrnutí a interpretaci literárních zdrojů a odborných studií, které se věnují danému tématu Praktická část této práce se zaměřuje na analýzu vztahu mezi počtem policistů a mírou majetkové kriminality ve vybraných regionech České republiky a v sousedních zemích v období 2015–2023/2024. P</subfield>
  </datafield>
  <datafield tag="520" ind1="8" ind2=" ">
   <subfield code="a">Dále je analyzována škoda vzniklá majetkovou kriminalitou na tisíc policistů, majetková kriminalita na tisíc policistů a HDP na obyvatele na tisíc policistů. Výsledky mají za cíl osvětlit, jak změny v počtu policistů mohou korelovat s vývojem majetkové kriminality, a přispět k lepšímu pochopení efektivity distribuce policejních sil v prevenci kriminality. Tyto poznatky přispívají k pokračující diskusi o optimalizaci policejních zdrojů a zlepšení veřejné bezpečnosti.</subfield>
  </datafield>
  <datafield tag="538" ind1=" " ind2=" ">
   <subfield code="a">Způsob přístupu: Internet</subfield>
  </datafield>
  <datafield tag="653" ind1="0" ind2=" ">
   <subfield code="a">národní hospodářství [obor bakal. práce]</subfield>
  </datafield>
  <datafield tag="655" ind1=" " ind2="7">
   <subfield code="a">bakalářské práce</subfield>
   <subfield code="7">fd132403</subfield>
   <subfield code="2">czenas</subfield>
  </datafield>
  <datafield tag="655" ind1=" " ind2="9">
   <subfield code="a">bachelor's theses</subfield>
   <subfield code="2">eczenas</subfield>
  </datafield>
  <datafield tag="690" ind1=" " ind2=" ">
   <subfield code="a">majetková kriminalita</subfield>
  </datafield>
  <datafield tag="690" ind1=" " ind2=" ">
   <subfield code="a">pořádková policie</subfield>
  </datafield>
  <datafield tag="690" ind1=" " ind2=" ">
   <subfield code="a">prevence kriminality</subfield>
  </datafield>
  <datafield tag="700" ind1="1" ind2=" ">
   <subfield code="a">Řežábek, Pavel,</subfield>
   <subfield code="d">1960-</subfield>
   <subfield code="7">pna2011626274</subfield>
   <subfield code="4">ths</subfield>
  </datafield>
  <datafield tag="700" ind1="1" ind2=" ">
   <subfield code="a">Zeman, Martin</subfield>
   <subfield code="%">ISIS:57416</subfield>
   <subfield code="4">opn</subfield>
  </datafield>
  <datafield tag="710" ind1="2" ind2=" ">
   <subfield code="a">Vysoká škola ekonomická v Praze.</subfield>
   <subfield code="b">Národohospodářská fakulta</subfield>
   <subfield code="7">kn20010709401</subfield>
   <subfield code="4">dgg</subfield>
  </datafield>
  <datafield tag="856" ind1="4" ind2="0">
   <subfield code="u">https://insis.vse.cz/zp/89822/podrobnosti</subfield>
   <subfield code="y">VŠKP v InSIS</subfield>
  </datafield>
  <datafield tag="856" ind1="4" ind2="0">
   <subfield code="u">https://insis.vse.cz/zp/89822</subfield>
   <subfield code="y">Hlavní práce</subfield>
  </datafield>
  <datafield tag="856" ind1="4" ind2="0">
   <subfield code="u">https://insis.vse.cz/zp/89822/posudek/vedouci</subfield>
   <subfield code="y">Hodnocení vedoucího</subfield>
  </datafield>
  <datafield tag="856" ind1="4" ind2="0">
   <subfield code="u">https://insis.vse.cz/zp/89822/posudek/oponent/84903</subfield>
   <subfield code="y">Oponentura</subfield>
  </datafield>
  <datafield tag="856" ind1="4" ind2="0">
   <subfield code="u">https://insis.vse.cz/zp/89822/priloha/30286</subfield>
   <subfield code="y">Přiloha k práci</subfield>
  </datafield>
  <datafield tag="856" ind1="4" ind2="0">
   <subfield code="u">https://insis.vse.cz/zp/89822/priloha/30287</subfield>
   <subfield code="y">Přiloha k práci</subfield>
  </datafield>
  <datafield tag="856" ind1="4" ind2="0">
   <subfield code="u">https://insis.vse.cz/zp/89822/priloha/30288</subfield>
   <subfield code="y">Přiloha k práci</subfield>
  </datafield>
  <datafield tag="856" ind1="4" ind2="0">
   <subfield code="u">https://insis.vse.cz/zp/89822/priloha/30289</subfield>
   <subfield code="y">Přiloha k práci</subfield>
  </datafield>
  <datafield tag="856" ind1="4" ind2="0">
   <subfield code="u">https://insis.vse.cz/zp/89822/priloha/30290</subfield>
   <subfield code="y">Přiloha k práci</subfield>
  </datafield>
  <datafield tag="999" ind1="4" ind2="0">
   <subfield code="u">https://insis.vse.cz/zp/89822/podrobnosti</subfield>
   <subfield code="y">dc:identifier</subfield>
  </datafield>
  <datafield tag="993" ind1=" " ind2=" ">
   <subfield code="x">NEPOSILAT</subfield>
   <subfield code="y">VSKP</subfield>
  </datafield>
  <datafield tag="999" ind1="4" ind2="9">
   <subfield code="a">vse89822</subfield>
   <subfield code="b">250201</subfield>
  </datafield>
  <datafield tag="999" ind1="4" ind2="5">
   <subfield code="x">89822</subfield>
  </datafield>
 </record>
</collection>
